[Event "Druga liga CS - Zapad 2018"]
[Site "?"]
[Date "2018.10.06"]
[Round "9.5"]
[White "Stankovic, Dragan B"]
[Black "Lekic, Dusan"]
[Result "1/2-1/2"]
[WhiteElo "2229"]
[BlackElo "2363"]
[PlyCount "40"]
[EventDate "2018.09.07"]
[WhiteTeam "SMEDEREVSKI SK - Smederevo"]
[BlackTeam "SLOBODA - Uzice"]

1. d4 d5 2. c4 c6 3. cxd5 cxd5 4. Nf3 Nc6 5. Nc3 Nf6 6. Bf4 Bf5 7. e3 e6 8. Bd3
Bg6 9. Ne5 Nxe5 10. Bxe5 Nd7 11. Bg3 Bb4 12. O-O Bxc3 13. bxc3 Bxd3 14. Qxd3
Nb6 15. Rfb1 O-O 16. a4 Qc8 17. Qb5 Qxc3 18. Rc1 Qd2 19. Rd1 Qc3 20. Rdc1 Qd2
1/2-1/2

[Event "Druga liga CS - Zapad 2018"]
[Site "?"]
[Date "2018.10.06"]
[Round "9.5"]
[White "Misojcic, Miroslav"]
[Black "Tomanovic, Nikola"]
[Result "1-0"]
[WhiteElo "2244"]
[BlackElo "2215"]
[PlyCount "79"]
[EventDate "2018.09.07"]
[WhiteTeam "SLOBODA - Uzice"]
[BlackTeam "SMEDEREVSKI SK - Smederevo"]

1. d4 f5 2. Nf3 Nf6 3. c4 g6 4. b4 Bg7 5. Bb2 O-O 6. e3 c6 7. Nc3 d6 8. Be2 Qe8
9. c5 Ne4 10. Qc2 d5 11. Ne5 Nd7 12. f3 Nxc3 13. Bxc3 Nxe5 14. dxe5 Bd7 15. O-O
Qb8 16. f4 Qc7 17. Rab1 a6 18. Bd4 Be8 19. a4 e6 20. b5 axb5 21. axb5 g5 22.
bxc6 bxc6 23. Rb6 gxf4 24. exf4 Kh8 25. Qb3 Rg8 26. Rb1 Ra7 27. g3 Bh6 28. Bf2
Qd8 29. Rb8 Qc7 30. Qb6 Qg7 31. Rb7 Rxb7 32. Qxb7 Qg6 33. Qe7 Bg7 34. Rb8 h6
35. Rb7 Bf8 36. Qf6+ Bg7 37. Qxg6 Bxg6 38. Re7 Re8 39. Rc7 Kg8 40. Rxc6 1-0

[Event "Druga liga CS - Zapad 2018"]
[Site "?"]
[Date "2018.10.06"]
[Round "9.5"]
[White "Mikluc, Davorin"]
[Black "Knezevic, Veljko"]
[Result "1-0"]
[WhiteElo "2154"]
[BlackElo "2086"]
[PlyCount "161"]
[EventDate "2018.09.07"]
[WhiteTeam "SMEDEREVSKI SK - Smederevo"]
[BlackTeam "SLOBODA - Uzice"]

1. e4 c5 2. Nf3 Nc6 3. d4 cxd4 4. Nxd4 g6 5. Nxc6 bxc6 6. Qd4 Nf6 7. e5 Ng8 8.
e6 Nf6 9. exf7+ Kxf7 10. Be2 Bg7 11. O-O d5 12. c3 Rf8 13. Nd2 Kg8 14. Nf3 Ne4
15. Qa4 Qc7 16. Be3 Bd7 17. Rac1 e5 18. Rfd1 Kh8 19. Nd2 Bf5 20. Nb3 Rfb8 21.
f3 Nd6 22. Rd2 Bd7 23. Rcd1 Nf5 24. Bf2 Bh6 25. Nc5 Ne3 26. Na6 Qd6 27. Nxb8
Rxb8 28. b3 Nxd1 29. Rxd1 Qc7 30. Bd3 Bf4 31. Qa3 Re8 32. g3 Bh6 33. Re1 Bg7
34. Re2 a5 35. Qc1 Rf8 36. Qe3 Bc8 37. Rd2 Qf7 38. Be2 Qf5 39. g4 Qf7 40. Bg3
Re8 41. Kg2 e4 42. h3 Qf6 43. fxe4 Rxe4 44. Qf3 Qxc3 45. Qxe4 dxe4 46. Rd8+ Bf8
47. Rxf8+ Kg7 48. Rxc8 Qd2 49. Kf2 Qd4+ 50. Kf1 Qa1+ 51. Kf2 Qd4+ 52. Kf1 Qa1+
53. Kf2 Qxa2 54. g5 Qd2 55. h4 Qd4+ 56. Kf1 Qa1+ 57. Kg2 Qb2 58. Rc7+ Kg8 59.
Kf2 Qd4+ 60. Kf1 Qa1+ 61. Be1 Qc1 62. Bc4+ Kf8 63. Rxc6 Ke7 64. Re6+ Kd7 65.
Rxe4 Qb1 66. Re5 Qc1 67. Rxa5 Qf4+ 68. Bf2 Qf3 69. Bd5 Qd3+ 70. Kg2 Qd2 71.
Ra7+ Kd6 72. Bf3 h6 73. Ra6+ Ke5 74. Rxg6 hxg5 75. Rxg5+ Kf6 76. Rg4 Qb2 77. b4
Kf5 78. b5 Ke6 79. b6 Kf5 80. b7 Ke5 81. Rg8 1-0

[Event "Druga liga CS - Zapad 2018"]
[Site "?"]
[Date "2018.10.06"]
[Round "9.5"]
[White "Zivanic, Slobodan"]
[Black "Strakos, Dalibor"]
[Result "0-1"]
[WhiteElo "2068"]
[BlackElo "2193"]
[PlyCount "56"]
[EventDate "2018.09.07"]
[WhiteTeam "SLOBODA - Uzice"]
[BlackTeam "SMEDEREVSKI SK - Smederevo"]

1. e4 c6 2. d4 d5 3. e5 Bf5 4. Nf3 e6 5. Be2 c5 6. c3 Nc6 7. O-O Qb6 8. Qa4
cxd4 9. Nxd4 Bxb1 10. Rxb1 Qa5 11. Qxa5 Nxa5 12. Bb5+ Kd8 13. b4 Nc4 14. Bxc4
dxc4 15. Nb5 a6 16. Rd1+ Ke8 17. Nd4 Ne7 18. Ne2 Nd5 19. a4 a5 20. Rd4 axb4 21.
Rxc4 Kd7 22. cxb4 Rxa4 23. Bd2 Be7 24. Kf1 Rc8 25. Rd4 g5 26. Ng3 Rc2 27. Ne4
Raa2 28. Rd1 Rab2 0-1

[Event "Druga liga CS - Zapad 2018"]
[Site "?"]
[Date "2018.10.06"]
[Round "9.5"]
[White "Isak, Igor G"]
[Black "Cvijovic, Marko"]
[Result "1-0"]
[WhiteElo "2004"]
[BlackElo "1654"]
[PlyCount "61"]
[EventDate "2018.09.07"]
[WhiteTeam "SMEDEREVSKI SK - Smederevo"]
[BlackTeam "SLOBODA - Uzice"]

1. e4 e5 2. Bc4 Nf6 3. d3 Bc5 4. Nc3 h6 5. Be3 Bxe3 6. fxe3 Nc6 7. Nf3 d6 8. a3
Qe7 9. Qd2 Be6 10. Nd5 Bxd5 11. exd5 Nb8 12. O-O Nbd7 13. a4 a6 14. a5 b5 15.
Ba2 g6 16. b4 Kf8 17. c4 e4 18. Nd4 Ne5 19. cxb5 axb5 20. Nc6 Nxc6 21. dxc6 Kg7
22. Qc3 Rhf8 23. Rf2 Qe5 24. Qxe5 dxe5 25. Raf1 Ne8 26. Rxf7+ Rxf7 27. Rxf7+
Kh8 28. dxe4 Nd6 29. Rxc7 Nxe4 30. Re7 Nf6 31. Rf7 1-0

[Event "Druga liga CS - Zapad 2018"]
[Site "?"]
[Date "2018.10.06"]
[Round "9.6"]
[White "Sujdovic, Ivan"]
[Black "Radenkovic, Aleksa"]
[Result "1/2-1/2"]
[WhiteElo "1792"]
[BlackElo "2004"]
[PlyCount "20"]
[EventDate "2018.09.07"]
[WhiteTeam "KRUPANJSKI SK - Krupanj"]
[BlackTeam "ZUPA - Aleksandrovac"]

1. d4 Nf6 2. Nf3 d6 3. c4 g6 4. Bf4 Bg7 5. e3 O-O 6. Bd3 c6 7. O-O a6 8. Nc3
Nbd7 9. Qe2 b5 10. b3 Bb7 1/2-1/2